| 000 | 00906nam a22002177a 4500 | ||
|---|---|---|---|
| 999 |
_c59369 _d59369 |
||
| 003 | Ge_BSU | ||
| 005 | 20230131171341.0 | ||
| 008 | 230131s1999 ge ||||| |||| 00| 0 geo d | ||
| 020 | _a9992822872 | ||
| 041 | _ageo | ||
| 080 | _a347.61/64 შ-48 | ||
| 100 |
_aშენგელია, რომან _916828 |
||
| 245 |
_aსაოჯახო სამართალი : _b(კანონთა კომენტარები) / _cრომან შენგელია; [რედ.: ლადო ჭანტურია]. |
||
| 264 |
_aთბილისი : _bმერიდიანი, _c1999. |
||
| 300 |
_a360გვ. ; _b20სმ. |
||
| 653 | _aსაქართველოს საოჯახო სამართალი. | ||
| 653 | _aქორწინება. | ||
| 653 | _aალიმენტი. | ||
| 653 | _aმეურვეობა. | ||
| 942 |
_2udc _cBK |
||